| 000 | 01695nam a2200541 i 4500 | ||
|---|---|---|---|
| 001 | 991008996879705066 | ||
| 003 | NyNyJPI | ||
| 005 | 20260413193533.0 | ||
| 008 | 170517s2017 pl ahoc |000 0cpol | ||
| 009 | b0000005561649 | ||
| 015 | _aUWD 2017/18505 | ||
| 035 | _a991008996879705066 | ||
| 035 | _a(PL-WaBN)b55616495-48omnis_nlop | ||
| 035 | _ab55616495 | ||
| 035 | _a(OCoLC)995397348 | ||
| 035 | _axx004020815 | ||
| 035 | _a(PL)b0000005561649 | ||
| 035 | _a(EXLNZ-48OMNIS_NETWORK)9910348047405606 | ||
| 040 |
_aWA N _cWA N |
||
| 045 | 2 |
_bd1902 _bd1980 |
|
| 046 | _k2017 | ||
| 080 | _a929.5(438)"19" | ||
| 084 | _a10 | ||
| 245 | 0 | 0 | _aWspomnienie o rodzinie Stefana Rzewuskiego. |
| 260 |
_a[Miejsce nieznane : _bwydawca nieznany, _c2017]. |
||
| 300 |
_a64 strony : _bilustracje, faksymilia, fotografie, portrety ; _c21 cm. |
||
| 336 |
_aTekst _btxt _2rdacontent |
||
| 337 |
_aBez urządzenia pośredniczącego _bn _2rdamedia |
||
| 338 |
_aWolumin _bnc _2rdacarrier |
||
| 380 | _aKsiążki | ||
| 380 | _aLiteratura faktu, eseje, publicystyka | ||
| 388 | 1 | _a2001- | |
| 500 | _aOpis według okładki. | ||
| 600 | 7 |
_aRzewuski, Stefan _d(1902-ok. 1941) _2DBN |
|
| 600 | 3 | 7 |
_aRzewuscy _c(ród) _2DBN |
| 610 | 7 |
_aJunackie Hufce Pracy _2DBN |
|
| 610 | 7 |
_aLegiony Polskie (1914-1917) _2DBN |
|
| 610 | 7 |
_aOrganizacja Wojskowa "Wilki" _2DBN |
|
| 610 | 7 |
_aPolska Organizacja Wojskowa _2DBN |
|
| 610 | 7 |
_aZwiązek Strzelecki (1919-1939) _2DBN |
|
| 648 | 7 |
_a1901-2000 _2DBN |
|
| 650 | 7 |
_aArystokracja _2DBN |
|
| 651 | 7 |
_aPolska _2DBN |
|
| 651 | 7 |
_aStany Zjednoczone (USA) _2DBN |
|
| 655 | 7 |
_aPamiętniki i wspomnienia _2DBN |
|
| 658 | _aHistoria | ||
| 942 |
_2z _cBK _n0 |
||
| 999 |
_c91107 _d91107 |
||